A World of Winnie the Pooh : (Record no. 16435)

MARC details
000 -LEADER
fixed length control field 00864nam a22002537a 4500
003 - CONTROL NUMBER IDENTIFIER
control field dpl
005 - DATE AND TIME OF LATEST TRANSACTION
control field 20181204161155.0
008 - FIXED-LENGTH DATA ELEMENTS--GENERAL INFORMATION
fixed length control field 181204b ||||| |||| 00| 0 eng d
010 ## - LIBRARY OF CONGRESS CONTROL NUMBER
LC control number B-224357
035 ## - SYSTEM CONTROL NUMBER
System control number B-224357
040 ## - CATALOGING SOURCE
Original cataloging agency BPPD/PUB
Transcribing agency 0
082 ## - DEWEY DECIMAL CLASSIFICATION NUMBER
Classification number S
Edition number MIL
100 ## - MAIN ENTRY--PERSONAL NAME
Personal name A.A.MILNE
245 ## - TITLE STATEMENT
Title A World of Winnie the Pooh :
Statement of responsibility, etc A.A.MILNE,E.H.SHEPARD
246 ## - VARYING FORM OF TITLE
Title proper/short title .
260 ## - PUBLICATION, DISTRIBUTION, ETC. (IMPRINT)
Name of publisher, distributor, etc Walt Disney Home Entertainment
300 ## - PHYSICAL DESCRIPTION
Extent 220p
Dimensions 24 CM
538 ## - SYSTEM DETAILS NOTE
System details note Dolby Digital 5.1 -English,Mandarin Subtitles: English, Bahasa, Mandarin
538 ## - SYSTEM DETAILS NOTE
System details note Aspect Ratio: 1.33:1, Presentation type:Full Frame, Presentation Size 4x3, Format DVD 9 Dual Layer Single Sided Disc.
650 ## - SUBJECT ADDED ENTRY--TOPICAL TERM
Topical term or geographic name as entry element Animated Movie
700 ## - ADDED ENTRY--PERSONAL NAME
Relator code E.H.SHEPARD
942 ## - ADDED ENTRY ELEMENTS (KOHA)
Koha item type Children Books
Source of classification or shelving scheme Dewey Decimal Classification
Classification part S
Call number suffix MIL
Holdings
Withdrawn status Lost status Source of classification or shelving scheme Damaged status Not for loan Home library Current library Date acquired Source of acquisition Cost, normal purchase price Total Checkouts Full call number Barcode Date last seen Date checked out Copy number Cost, replacement price Price effective from Koha item type Collection code
    Dewey Decimal Classification     Central Library Central Library 08/10/2008 Purchase 499.00 4 DVD MAGI DVD-000874 28/01/2010 07/01/2010 1 499.00 08/10/2008 CD-ROMs, DVDs, VHS  
    Dewey Decimal Classification     Patel Nagar Patel Nagar 08/10/2008 Purchase 499.00 8 DVD MAGI DVD-000876 18/06/2015 03/06/2015 1 499.00 08/10/2008 CD-ROMs, DVDs, VHS  
    Dewey Decimal Classification     Sarojini Nagar Sarojini Nagar 08/10/2008 Purchase 499.00 12 DVD MAGI DVD-000875 27/06/2012 12/06/2012 1 499.00 08/10/2008 CD-ROMs, DVDs, VHS  
    Dewey Decimal Classification     Shahdara Branch Shahdara Branch 04/12/2018 BPPD/PUB   2 S MIL B-224357 05/04/2025 28/03/2025     04/12/2018 Children Books Fiction

© Delhi Public Library
Hit Counter
free hit counter